|
|
|
|
| LEADER |
00691cam a2200217 a 4500 |
| 001 |
0000076590 |
| 005 |
20050414090000.0 |
| 040 |
|
|
|a mod
|
| 041 |
|
|
|a eng
|
| 020 |
0 |
0 |
|a 0760310181
|
| 090 |
0 |
0 |
|a 359.8352
|b JOH
|c f
|e 2000
|
| 100 |
1 |
0 |
|a Johnston
|h Ian, 1948-
|
| 245 |
1 |
4 |
|a The battleships
|c Ian Johnston and Rob McAuley.
|
| 260 |
0 |
0 |
|a [Osceola, WI]
|b MBI Pub. Co.
|c 2000.
|
| 300 |
0 |
0 |
|a 192 p.
|b ill. (some col.), map
|c 29 cm.
|
| 500 |
0 |
0 |
|a Includes bibliographical references (p. 191-192) and index
|
| 650 |
0 |
0 |
|a Battleships
|x History.
|
| 650 |
0 |
0 |
|a Ships-of-the-line
|x History.
|
| 700 |
1 |
1 |
|a McAuley
|h Rob
|
| 852 |
0 |
0 |
|a 01
|
| 999 |
|
|
|a 0169650
|b KEMENTAH
|d BOOKS
|e Umum
|f Perpustakaan KEMENTAH
|j AVAILABLE
|q GOOD CONDITION
|